000 00735nam a2200241 i 4500
001 bg
100 1 _aOLEŚKOWICZ-POPIEL, Czesław
245 1 0 _aEksperymenty w wymianie ciepła /
_cCzesław Oleśkowicz-Popiel, Janusz Wojtkowiak.
260 _aPoznań :
_bWydaw. Politechniki Poznańskiej,
_c2004.
300 _a170 s. :
_bil. ;
_c24 cm.
504 _aBibliogr po rozdz.
650 9 _aPrzewodnictwo cieplne
650 9 _aTermodynamika techniczna
650 9 _aEksperyment
_xstosowanie
_xtechnika
655 _aPodręczniki akademickie
020 _a8371434154
040 _cBPK
041 0 _apol
080 _a621.1.01:536.7](075.8)
920 _a83-7143-415-4
942 _cKS
008 s pl f |000 0 pol
999 _c44559
_d44559
856 _uhttp://koha.tu.koszalin.pl/cgi-bin/koha/opac-detail.pl?biblionumber=44559
_yKatalog online BPK